Badami Aihole Pattadkal (Record no. 15958)

MARC details
000 -LEADER
fixed length control field 00395nam a2200157Ia 4500
008 - FIXED-LENGTH DATA ELEMENTS--GENERAL INFORMATION
fixed length control field 220803s9999 xx 000 0 und d
020 ## - INTERNATIONAL STANDARD BOOK NUMBER
International Standard Book Number 9788184956009
041 ## - LANGUAGE CODE
Language code of text/sound track or separate title eng
082 ## - DEWEY DECIMAL CLASSIFICATION NUMBER
Classification number 720.91 MIC
100 ## - MAIN ENTRY--PERSONAL NAME
Personal name Michel G
9 (RLIN) 25105
245 ## - TITLE STATEMENT
Title Badami Aihole Pattadkal
260 ## - PUBLICATION, DISTRIBUTION, ETC. (IMPRINT)
Place of publication, distribution, etc. Mumbai
Name of publisher, distributor, etc. Jaico Publishing House
Date of publication, distribution, etc. 2014
300 ## - PHYSICAL DESCRIPTION
Extent 144p
500 ## - GENERAL NOTE
Keywords ARCHI
650 ## - SUBJECT ADDED ENTRY--TOPICAL TERM
Topical term or geographic name as entry element Hindu Architecture
9 (RLIN) 25106
Holdings
Withdrawn status Lost status Damaged status Not for loan Collection code Home library Current library Date acquired Vendor Cost, normal purchase price Total Checkouts Total Renewals Full call number Barcode Date last seen Date last checked out Cost, replacement price Bill Date Koha item type Original Barcode
        Book of B Arch Dr. Bhanuben Nanavati College of Architecture Dr. Bhanuben Nanavati College of Architecture 06/10/2015 Word Book 399.20 4 3 711.7 MIC BNCA-BK-9554 29/07/2024 15/07/2024 399.20 30/09/2015 Books B09554